Verification of input data for simulation of the thin sheet metals drawing

Podrobná bibliografia
Hlavný autor: Buchar, Z. (Autor)
Médium: Článok
Jazyk:slovenčina
angličtina
Fyzický popis:Obr. 6, lit. 2 zázn. v angl.
ISSN:1335-1532
Predmet:

MARC

LEADER 00000nab a2200000 a 4500
001 vtls000625820
003 SK-MaSNL
005 20260304091547.0
008 250425c1996 xo 0 slo
015 |a SNBRB19rr/mm-uuuuu 
035 |a CL0625959 
035 |a urn:nbn:sk:snk-abd32u 
035 |a (urnnbn)urn:nbn:sk:snk:ar-004q71 
035 |a (uuid)ffd3840a-9475-46b7-a61b-19191bfe8c01 
040 |a SNKBUCL  |b slo  |c SNKBUCL  |e AACR2 
041 0 |a eng 
044 |a xo  |c SK 
080 |a 621.983:669-124-41:519.876.5  |2 1981 
080 |a 669-124-41  |2 1981 
080 |a 519.876.5  |2 1981 
100 1 |a Buchar, Z.  |4 aut  |9 814105 
245 1 0 |a Verification of input data for simulation of the thin sheet metals drawing  |c Z. Buchar 
300 |b Obr. 6, lit. 2 zázn. v angl. 
650 0 7 |a tenké plechy  |2 snkbucl  |9 3520 
650 0 7 |a ťahanie  |2 snkbucl  |9 296692 
655 7 |a články z novín a časopisov  |2 snkbucl  |9 267496 
773 0 |t Acta metallurgica slovaca  |g Roč. 2, č. mimoriadne (1996), s. 258-264  |x 1335-1532 
850 |a Slovenská národná knižnica 
852 |a Slovenská národná knižnica 
958 |a article17 
958 |a CZ 
958 |a RK 
958 |a OND 
958 |a EUIPO 
992 |a RBX 
999 |c 2815856  |d 2817786